| 000 | 00336nam a2200109Ia 4500 | ||
|---|---|---|---|
| 008 | 171211s9999 xx 000 0 und d | ||
| 245 | _aShapers of the Great Debate on Conservation: A Biographical Dictionary | ||
| 245 | _cRachel W. White | ||
| 260 | _c2004 | ||
| 650 | _xBiography | ||
| 856 | _uhttp://down.ebook777.com/061/0313328269.pdf | ||
| 999 |
_c349917 _d349917 |
||